| 000 | 00687nam a22002537a 4500 | ||
|---|---|---|---|
| 003 | URS | ||
| 005 | 20260210104348.0 | ||
| 020 | _a978-621-409-306-9 | ||
| 040 | _cURS | ||
| 050 |
_aNX280 _b.B75 2025 |
||
| 082 |
_a700.1 _bB7728 2025 |
||
| 100 |
_aBriones, Mario R., _eauthor |
||
| 245 | _aArt Appreciation | ||
| 250 | _aThird Edition | ||
| 264 |
_aQuezon City _bBooks Atbp. Publishing Corp. _c©2025 |
||
| 300 |
_a272 pages.,: _c22 cm. |
||
| 336 |
_2rdacontent _atext |
||
| 337 |
_2rdamedia _aunmediated |
||
| 338 |
_2rdacarrier _avolume |
||
| 650 | 0 | _aArt appreciation | |
| 700 |
_aAlvarez, Manual Luis R. _eauthor |
||
| 700 | 1 | _aSolmerano, Ernesto Thaddeus M., | |
| 942 |
_2lcc _cF |
||
| 999 |
_c88092 _d88089 |
||